Guía del Museo Monográfico del Puig de Molins
Gorde:
| Egile nagusia: | |
|---|---|
| Formatua: | Liburua |
| Hizkuntza: | gaztelania |
| Argitaratua: |
Ibiza, España
Ministerio de Cultura
1983
|
| Saila: | Trabajos del Museo Arqueológico de Ibiza,
10 |
| Gaiak: | |
| Etiketak: |
Etiketa erantsi
Etiketarik gabe, Izan zaitez lehena erregistro honi etiketa jartzen!
|
MARC
| LEADER | 00000nam a2200000 a 4500 | ||
|---|---|---|---|
| 001 | UCP7838 | ||
| 003 | CL-VaPUC | ||
| 005 | 20240731102907.0 | ||
| 008 | 000106e19830000SP |||||||||||||||||spa|d | ||
| 999 | |c 284880 |d 284878 | ||
| 040 | |c Pontificia Universidad Católica de Valparaíso | ||
| 082 | 0 | 4 | |a 930.146 FER 1983 |2 21 |
| 100 | 0 | |a Fernández, Jorge H |e author |9 437466 | |
| 245 | 1 | 0 | |a Guía del Museo Monográfico del Puig de Molins |
| 260 | |a Ibiza, España |b Ministerio de Cultura |c 1983 | ||
| 300 | |a 242 páginas | ||
| 490 | 0 | |a Trabajos del Museo Arqueológico de Ibiza, |v 10 | |
| 583 | |a last modification |c 20000106 00:00:00 |k Rodrigo Vera | ||
| 650 | 0 | |a Arqueología |z IBIZA |z ESPAÑA |9 265619 | |
| 650 | 7 | |a MUSEOS ARQUEOLOGICOS |2 CL-VaPUC |9 353353 |z IBIZA |z ESPAÑA | |
| 650 | 0 | |a Historia |z IBIZA |z ESPAÑA |9 255047 | |
| 650 | 0 | |a Arte púnico |9 437438 | |
| 650 | 0 | |a Arte cartagines |9 437469 | |
| 852 | |a BIBCUR | ||
| 942 | |c BK |2 ddc | ||
| 945 | |d 20000106 00:00:00 |a rherrera | ||
| 952 | |0 0 |1 0 |2 ddc |4 0 |6 930_146000000000000_FER_1983 |7 0 |8 A |9 329179 |a BIBHIS |b BIBHIS |d 2019-11-20 |i 1379763 |o 930.146 FER 1983 |p 1379763 |r 2025-01-20 |t 1 |w 2019-11-20 |y BK |k HIS | ||